| 000 | 00632nam a2200229Ia 4500 | ||
|---|---|---|---|
| 003 | OSt | ||
| 005 | 20220928141145.0 | ||
| 006 | a|||||r|||| 00| 0 | ||
| 007 | ta | ||
| 008 | 220927b |||||||| |||| 00| 0 eng d | ||
| 024 | _a13935 | ||
| 037 | _cTextual | ||
| 040 |
_aSDCL _cSDCL _beng |
||
| 041 |
_2eng _aeng |
||
| 082 | _aX:8:(D6,8(B)), P4 | ||
| 100 |
_aVarian Hal R _9391903 |
||
| 245 | 0 |
_aEconomics of information technology _b An introduction |
|
| 260 | _c2004 | ||
| 700 |
_a Farrell Joseph _9499292 |
||
| 942 |
_hX:8:(D6,8(B)), P4 _cTEXL _2CC |
||
| 999 |
_c816344 _d816344 |
||